Join ventures in Slovak economy and the development of their characteristics
Uložené v:
| Hlavný autor: | |
|---|---|
| Médium: | Kapitola |
| Jazyk: | English |
| Predmet: | |
| Tagy: |
Žiadne tagy, Buďte prvý, kto otaguje tento záznam!
|
MARC
| LEADER | 00000naa$a2200000$$$4500 | ||
|---|---|---|---|
| 001 | 0219232 | ||
| 005 | 20240502083544.9 | ||
| 041 | 0 | |a eng | |
| 044 | |a CZ | ||
| 245 | 1 | 0 | |a Join ventures in Slovak economy and the development of their characteristics |c Tatiana Hlušková |
| 610 | 2 | 0 | |a podnik spoločný |
| 610 | 2 | 0 | |a podnik medzinárodný |
| 610 | 2 | 0 | |a joint ventures |
| 610 | 2 | 0 | |a investície zo zahraničia |
| 610 | 2 | 0 | |a investície priame zahraničné |
| 610 | 2 | 0 | |a podnikanie medzinárodné |
| 610 | 2 | 0 | |a Slovensko |
| 100 | 1 | |a Hlušková, Tatiana, 1987- | |